Statistiken für Größte Städte der Schweiz

Klicken Sie hier um das Quiz zu spielen!

Allgemein

  • Dieses Quiz wurde 1,907 mal gespielt
  • Das Durchschnittsergebnis liegt bei 7 aus 10

Antwortstatistiken

Bevölkerung Stadt % Korrekt
402'762Zürich
98%
133'115Bern
98%
198'979Genf
90%
171'017Basel
87%
81'592Luzern
65%
75'481St. Gallen
58%
137'810Lausanne
58%
63'932Lugano
42%
109'775Winterthur
41%
54'456Biel
31%

Verteilung der Resultate

Perzentil nach korrekt beantworteten Fragen

Anzahl Personen mit jedem Resultat

Ihre Resultats-Entwicklung

Sie haben dieses Quiz noch nicht gespielt